Rural development and regional disparities of the new EU member states

Regionálny rozvoj - teória a metodológia. Rozvoj vidieka - teória a metodológia. Použitá štúdia v nových členských krajinách Európskej únie. Regionálna diferenciácia, rozvoj vidieka.

Enregistré dans:
Détails bibliographiques
Auteur principal: Abrhám, Josef
Format: Chapitre de livre
Langue:anglais
Sujets:
Tags: Ajouter un tag
Pas de tags, Soyez le premier à ajouter un tag!

MARC

LEADER 00000naa a2200000 4500
001 0158293
005 20231211065844.2
041 0 |a eng 
044 |a CZ 
245 1 0 |a Rural development and regional disparities of the new EU member states  |c Josef Abrhám 
520 |a Regionálny rozvoj - teória a metodológia. Rozvoj vidieka - teória a metodológia. Použitá štúdia v nových členských krajinách Európskej únie. Regionálna diferenciácia, rozvoj vidieka. 
610 2 0 |a rozvoj vidieka 
610 2 0 |a regióny 
610 2 0 |a disparita 
610 2 0 |a Európska únia 
610 2 0 |a krajiny tranzitívne 
100 1 |a Abrhám, Josef